Les 20 plus grandes villes d'Amérique du Nord - Statistiques

Statistiques générales
  • Ce quiz a été pris 437 fois
  • Le résultat moyen est 15 sur 20
Statistiques - réponses
Pays Population Ville % Correct
Mexique 8 918 653 Mexico
100%
États-Unis 8 622 898 New York
100%
États-Unis 3 990 456 Los Angeles
98%
États-Unis 2 705 994 Chicago
92%
Canada 1 704 694 Montreal
92%
Canada 2 731 571 Toronto
91%
États-Unis 463 347 Miami
87%
États-Unis 702 455 Washington
87%
États-Unis 884 363 San Francisco
86%
États-Unis 617 594 Boston
80%
États-Unis 1 317 929 Dallas
80%
États-Unis 2 195 914 Houston
76%
États-Unis 1 580 863 Philadelphie
72%
États-Unis 744 955 Seattle
69%
États-Unis 673 100 Detroit
65%
États-Unis 486 290 Atlanta
64%
États-Unis 1 394 928 San Diego
60%
États-Unis 1 626 078 Phoenix
54%
Mexique 1 600 940 Guadalajara
51%
Mexique 1 135 512 Monterrey
42%
Aucun quiz correspondant
Distribution des résultats
% des personnes avec chaque résultat
Percentile par nombre de réponses
Votre historique - résultats
Vous n’avez pas pris ce quiz